مواليد حديقة الحيوان : (Record no. 30857)
[ view plain ]
| 000 -الفاتح | |
|---|---|
| حقل البيانات ثابتة الطول | 01184nam a22003017a 4500 |
| 003 - محدد رقم الضبط | |
| رقم الضبط | EG-ScBUE |
| 005 - وقت وتاريخ اخر تعامل مع التسجيلة | |
| رقم الضبط | 20250203102230.0 |
| 008 - عناصر البيانات ثابتة الطول - معلومات عامة | |
| حقل البيانات ثابتة الطول | 210923s2024 ua f 000 j ara d |
| 017 ## - رقم الإيداع القانونى | |
| رقم الإيداع القانونى | 2024/11751 |
| 020 ## - الرقم الدولى المعيارى للكتب | |
| الرقم الدولى المعيارى للكتاب | 9789777954808 |
| 040 ## - مصدر الفهرسة | |
| وكالة الفهرسة الأصلية | EG-ScBUE |
| لغة الفهرسة | ara |
| قواعد الوصف | rda |
| وكالة النسخ | EG-ScBUE |
| وكالة التعديل | EG-ScBUE |
| 082 04 - رقم تصنيف ديوى العشرى | |
| رقم التصنيف | 892.746 |
| رقم المادة | ع ش م |
| رقم الطبعة | 22 |
| 100 1# - المدخل الرئيسى - إسم شخصى | |
| الإسم الشخصى | العشماوي، أشرف، |
| الدور | مؤلف. |
| 245 10 - بيان العنوان | |
| العنوان | مواليد حديقة الحيوان : |
| بقية العنوان | روايات قصيرة / |
| بيان المسئوليه,etc | أشرف العشماوي. |
| 250 ## - بيان الطبعة | |
| بيان الطبعة | الطبعة السادسة. |
| 264 #1 - النشر، التوزيع | |
| مكان الناشر او الموزع | القاهرة : |
| اسم الناشر او الموزع | الدار المصرية اللبنانية، |
| تاريخ النشر أو التوزيع | 2024. |
| 300 ## - الوصف المادى | |
| التعداد | 255 صفحة ؛ |
| أبعاد الوعاء | 21 سم |
| 336 ## - نوع المحتوى | |
| source | rdacontent |
| Carrier Type Term | نص |
| Content Type Code | txt |
| 337 ## - نوع الوسيط | |
| source | rdamedia |
| Media Type Term | بدون وسيط |
| Media Type Code | n |
| 338 ## - نوع الحامل أو الناقل | |
| source | rdacarrier |
| Carrier Type Term | مجلد |
| Carrier Type Code | nc |
| 500 ## - تبصرة عامة | |
| تبصرة عامة | لا يمكنني تأكيد أن الأحداث حقيقية، وفي الوقت ذاته لا أستطيع النفي. |
| 541 ## - تبصرة المصدر المباشر للتزويد | |
| مصدر التزويد | Book Fair 2025. |
| 650 #7 - المدخل الاضافى بالموضوع-مصطلح موضوعى | |
| مصطلح موضوعي أو اسم جغرافي كعنصر مدخل | القصص العربية القصيرة |
| التقسيم الفرعي الزمني | قرن 21. |
| مصدر الرأس أو المصطلح | BUEsh |
| 650 #7 - المدخل الاضافى بالموضوع-مصطلح موضوعى | |
| مصطلح موضوعي أو اسم جغرافي كعنصر مدخل | الأدب العربي |
| التقسيم الفرعي الزمني | قرن 21. |
| التقسيم الفرعي الشكلي | BUEsh |
| 653 ## - مصطلح تكشيفى غير مقيد | |
| مصطلح غير مقيد | BUEsh |
| Resource For college | Arabic Literature |
| Arrived date list | February2025 |
| 655 #7 - مصطلح تكشيفى-نوع/شكل | |
| مصدر المصطلح | BUEsh |
| التقسيم الفرعي الشكلي | Reading book |
| 942 ## - عناصر المدخل الإضافي( كوها) | |
| مصدر التصنيف او مخطط الترفيف | Dewey Decimal Classification |
| حالة التراجع | حالة الفقد | مصدر التصنيف او خطة الترفيف | حالة تلف | ليس للاعارة | مجموعات كوها | المكان الدائم | المكان الحالي | موقع الترفيف | تاريخ الاكتساب | Source of acquisition | سعر الشراء الطبيعي | تعداد مسلسل / التسلسل الزمني | رقم الاستدعاء | الباركود | Date last seen | مُعار | التكلفة | نوع الوعاء | تبصرة عامة |
|---|---|---|---|---|---|---|---|---|---|---|---|---|---|---|---|---|---|---|---|
| Dewey Decimal Classification | Dar Masreya El Lebnani | Central Library | Central Library | Group Study Rooms | 03/02/2025 | Purchase | 185.00 | 1051 | 892.746 ع ش م | 000057220 | 21/04/2026 | 29/11/2025 | 231.00 | Book - Borrowing | Room (F) - أشرف العشماوي |